[Event "FIDE World Blitz-ch Women 2018"]
[Site "St. Petersburg"]
[Date "2018.12.29"]
[Round "8.41"]
[White "Badelka, Olga"]
[Black "Khomeriki, Nino"]
[Result "1/2-1/2"]
[WhiteElo "2385"]
[BlackElo "2347"]
[Annotator "NA"]
[PlyCount "142"]
[EventDate "2018.12.19"]
[EventType "swiss"]
[EventCountry "RUS"]
[SourceTitle "playchess.com"]
[Source "ChessBase"]
[SourceQuality "1"]

1. c4 e5 2. Nc3 Nc6 3. Nf3 g6 4. e3 Bg7 5. d4 exd4 6. exd4 d6 7. d5 Ne5 8. Be2 Nxf3+ 9. Bxf3 Ne7 10. O-O O-O 11. Re1 Nf5 12. g3 Nd4 13. Be4 Bf5 14. Bxf5 Nxf5 15. Ne4 h6 16. Bf4 g5 17. Bd2 Ne7 18. Bc3 Bxc3 19. Nxc3 Ng6 20. Qd4 Ne5 21. Kg2 Qf6 22. Re3 Qg7 23. Rae1 f5 24. f4 gxf4 25. Qxf4 Qg5 26. b3 Rf7 27. Nb5 Kh7 28. Nd4 Rg8 29. Qxg5 hxg5 30. Rxe5 dxe5 31. Rxe5 f4 32. Ne6 f3+ 33. Kf2 Kh6 34. h3 Rg6 35. Re3 g4 36. hxg4 Rxg4 37. Rxf3 Rxf3+ 38. Kxf3 Rg8 39. Nxc7 Kg5 40. Ne6+ Kf5 41. Nc5 b6 42. Nd3 Rh8 43. g4+ Kf6 44. Kf4 Rh1 45. g5+ Ke7 46. Ne5 Rf1+ 47. Ke4 Re1+ 48. Kf5 Rf1+ 49. Kg6 Rf2 50. Nc6+ Kd6 51. Nxa7 Rxa2 52. Nb5+ Ke5 53. Kf7 Rf2+ 54. Ke7 Rg2 55. d6 Rxg5 56. d7 Rg7+ 57. Ke8 Rg8+ 58. Kf7 Rh8 59. Ke7 Rh7+ 60. Ke8 Rh8+ 61. Ke7 Rh7+ 62. Ke8 Rh8+ 63. Kf7 Rh7+ 64. Ke8 Rh8+ 65. Ke7 Rh7+ 66. Kd8 Ke6 67. Nc7+ Kd6 68. Ne8+ Ke6 69. Nc7+ Kd6 70. Ne8+ Ke6 71. Nc7+ Ke5 1/2-1/2

[Event "FIDE World Blitz-ch Women 2018"]
[Site "St. Petersburg"]
[Date "2018.12.29"]
[Round "8.42"]
[White "Kovanova, Baira"]
[Black "Nakhbayeva, Guliskhan"]
[Result "0-1"]
[WhiteElo "2352"]
[BlackElo "2371"]
[Annotator "NA"]
[PlyCount "70"]
[EventDate "2018.12.19"]
[EventType "swiss"]
[EventCountry "RUS"]
[SourceTitle "playchess.com"]
[Source "ChessBase"]
[SourceQuality "1"]

1. Nf3 Nf6 2. d3 d5 3. g3 c6 4. Bg2 Bg4 5. O-O Nbd7 6. Nbd2 e5 7. e4 Bd6 8. h3 Bh5 9. Qe1 O-O 10. Nh4 Re8 11. Nf5 Bf8 12. g4 Bg6 13. Nb3 a5 14. a4 h5 15. Qe2 Qc7 16. Be3 Rac8 17. Bd2 b6 18. Nh4 dxe4 19. dxe4 Nc5 20. Nxc5 Bxc5 21. g5 Nd7 22. Bf3 Nf8 23. Bxh5 Bxh5 24. Qxh5 Qd7 25. Nf3 Ng6 26. Rad1 Qe6 27. Qg4 Qc4 28. h4 Qxc2 29. h5 Nf4 30. Nxe5 Nxh5 31. Nxf7 Rxe4 32. Qxh5 Qc4 33. g6 Rg4+ 34. Kh2 Rh4+ 35. Qxh4 Qg4 0-1

[Event "FIDE World Blitz-ch Women 2018"]
[Site "St. Petersburg"]
[Date "2018.12.29"]
[Round "8.43"]
[White "Gritsayeva, Oksana"]
[Black "Sukhareva, Evgeniya"]
[Result "0-1"]
[WhiteElo "2378"]
[BlackElo "2126"]
[Annotator "NA"]
[PlyCount "97"]
[EventDate "2018.12.19"]
[EventType "swiss"]
[EventCountry "RUS"]
[SourceTitle "playchess.com"]
[Source "ChessBase"]
[SourceQuality "1"]

1. d4 Nf6 2. Nf3 e6 3. e3 b6 4. Bd3 Bb7 5. b3 g6 6. Bb2 Bg7 7. Nbd2 d6 8. O-O Nbd7 9. Re1 c5 10. c4 Qc7 11. Qe2 O-O 12. Rac1 Rac8 13. e4 Nh5 14. g3 cxd4 15. Nxd4 a6 16. Nf1 Rfe8 17. Bb1 Nc5 18. f3 Nd7 19. Ne3 Nhf6 20. Qf2 Nc5 21. Red1 Qb8 22. Ng2 h5 23. Bc3 Ba8 24. Qb2 Ncd7 25. Ne2 Red8 26. Rd2 Bh6 27. Rcd1 Bxd2 28. Qxd2 Kh7 29. Qg5 e5 30. Nh4 Re8 31. Bd2 Ng8 32. g4 Ndf6 33. gxh5 Nxh5 34. Kh1 Qc7 35. Rg1 Qe7 36. Qg4 Qf6 37. Bg5 Qg7 38. Nf5 Qf8 39. Qh3 f6 40. Be3 Qf7 41. Nxd6 Qe7 42. Nxe8 Rxe8 43. Ng3 Qf7 44. Nxh5 gxh5 45. Qf5+ Kh8 46. Rg6 Qh7 47. Bc2 Bb7 48. Bd3 Bc8 49. Rh6 0-1

[Event "FIDE World Blitz-ch Women 2018"]
[Site "St. Petersburg"]
[Date "2018.12.29"]
[Round "8.44"]
[White "Goltseva, Ekaterina"]
[Black "Vasilevich, Irina"]
[Result "1/2-1/2"]
[WhiteElo "2153"]
[BlackElo "2258"]
[Annotator "NA"]
[PlyCount "130"]
[EventDate "2018.12.19"]
[EventType "swiss"]
[EventCountry "RUS"]
[SourceTitle "playchess.com"]
[Source "ChessBase"]
[SourceQuality "1"]

1. d4 e6 2. c4 Bb4+ 3. Nd2 f5 4. g3 Nf6 5. Bg2 O-O 6. Ngf3 Bxd2+ 7. Bxd2 d6 8. O-O Ne4 9. Bc1 Nd7 10. Qc2 a5 11. Nd2 Nxd2 12. Bxd2 e5 13. dxe5 dxe5 14. Bc3 Qe7 15. Rad1 c6 16. b3 Nf6 17. Qb2 Re8 18. a3 f4 19. gxf4 exf4 20. Bxf6 Qxf6 21. Qxf6 gxf6 22. Bf3 Be6 23. Rd6 a4 24. b4 Bxc4 25. Rxf6 Bxe2 26. Bxe2 Rxe2 27. Rxf4 Kh8 28. Rd1 Rg8+ 29. Kf1 Rb2 30. Rf7 Rb3 31. Rdd7 Rh3 32. Rxb7 Rxh2 33. Ra7 Rd8 34. Ke2 Re8+ 35. Kd2 Rh6 36. Rxa4 Rd6+ 37. Kc3 h5 38. Ra5 Rh6 39. Rff5 h4 40. Rh5 Ree6 41. Rxh6+ Rxh6 42. Rg5 h3 43. Rg1 h2 44. Rh1 Kg7 45. a4 Kf6 46. Kc4 Ke6 47. Kc5 Kd7 48. f4 Rh5+ 49. Kb6 Rh4 50. b5 cxb5 51. axb5 Rh6+ 52. Ka5 Kc7 53. f5 Kb7 54. f6 Rh8 55. f7 Ra8+ 56. Kb4 Rh8 57. f8=Q Rxf8 58. Rxh2 Rf4+ 59. Ka5 Rf5 60. Rh7+ Kb8 61. Rg7 Re5 62. Ka6 Re6+ 63. Ka5 Re5 64. Ka6 Re6+ 65. b6 Re8 1/2-1/2

[Event "FIDE World Blitz-ch Women 2018"]
[Site "St. Petersburg"]
[Date "2018.12.29"]
[Round "8.45"]
[White "Lysenko, Margarita"]
[Black "Ovod, Evgenija"]
[Result "1-0"]
[WhiteElo "2190"]
[BlackElo "2367"]
[Annotator "NA"]
[PlyCount "85"]
[EventDate "2018.12.19"]
[EventType "swiss"]
[EventCountry "RUS"]
[SourceTitle "playchess.com"]
[Source "ChessBase"]
[SourceQuality "1"]

1. c4 e6 2. Nf3 f5 3. g3 Nf6 4. Bg2 d5 5. O-O c6 6. d4 Bd6 7. Qc2 O-O 8. Bg5 h6 9. Bf4 Bxf4 10. gxf4 Ne4 11. e3 Bd7 12. Nbd2 Be8 13. Nxe4 fxe4 14. Ne5 Nd7 15. f3 Nxe5 16. dxe5 exf3 17. Rxf3 Bh5 18. Rg3 Qh4 19. Rh3 Qg4 20. Qf2 Qf5 21. Qh4 Be2 22. cxd5 exd5 23. Rg3 Qh5 24. Qe7 Rf7 25. Qe6 Bd3 26. Bf3 Qf5 27. Qxh6 d4 28. Rg5 Qc8 29. Qh4 dxe3 30. Rh5 Rf8 31. Rh8+ Kf7 32. Bh5+ Ke6 33. Bg4+ Bf5 34. Bxf5+ Kxf5 35. Qh3+ Ke4 36. Qg2+ Kf5 37. Qg5+ Ke4 38. Rh4 Qe6 39. Re1 Qd7 40. f5+ Kxe5 41. Rxe3+ Kd6 42. Rd4+ Kc7 43. Rxd7+ 1-0

[Event "FIDE World Blitz-ch Women 2018"]
[Site "St. Petersburg"]
[Date "2018.12.29"]
[Round "8.46"]
[White "Nomin-Erdene, Davaademberel"]
[Black "Afonasieva, Anna"]
[Result "1-0"]
[WhiteElo "2376"]
[BlackElo "2207"]
[Annotator "NA"]
[PlyCount "49"]
[EventDate "2018.12.19"]
[EventType "swiss"]
[EventCountry "RUS"]
[SourceTitle "playchess.com"]
[Source "ChessBase"]
[SourceQuality "1"]

1. e4 c6 2. d4 d5 3. Nc3 dxe4 4. Nxe4 Bf5 5. Ng3 Bg6 6. N1e2 e6 7. Nf4 Bd6 8. h4 Bxf4 9. Bxf4 h6 10. Bc4 Nf6 11. Qe2 Qxd4 12. Be5 Qb6 13. Bxf6 gxf6 14. Bxe6 Qa5+ 15. c3 O-O 16. Bb3 Nd7 17. O-O Ne5 18. f4 Qc5+ 19. Kh1 Nd7 20. f5 Bh7 21. Qh5 Qe3 22. Rf3 Qd2 23. Nf1 Qd6 24. Qxh6 Nc5 25. Rg3+ 1-0

[Event "FIDE World Blitz-ch Women 2018"]
[Site "St. Petersburg"]
[Date "2018.12.29"]
[Round "8.47"]
[White "Arutyunova, Diana"]
[Black "Molchanova, Tatjana"]
[Result "0-1"]
[WhiteElo "2227"]
[BlackElo "2245"]
[Annotator "NA"]
[PlyCount "114"]
[EventDate "2018.12.19"]
[EventType "swiss"]
[EventCountry "RUS"]
[SourceTitle "playchess.com"]
[Source "ChessBase"]
[SourceQuality "1"]

1. e4 c6 2. d4 d5 3. f3 g6 4. Be3 Bg7 5. Nc3 e6 6. Qd2 Ne7 7. O-O-O h6 8. h4 b5 9. h5 g5 10. e5 b4 11. Nce2 a5 12. f4 g4 13. Rh4 Nf5 14. Rxg4 Bf8 15. Ng3 Ba6 16. Nxf5 exf5 17. Rg3 Bxf1 18. Rxf1 Qh4 19. Rh3 Qg4 20. Nf3 Be7 21. Qf2 Nd7 22. Rg1 Nb6 23. Nh2 Qg7 24. g4 Qh7 25. g5 Nc4 26. g6 fxg6 27. hxg6 Qg7 28. Rh5 a4 29. Rxf5 Rf8 30. Rxf8+ Bxf8 31. f5 b3 32. cxb3 axb3 33. axb3 Ra1+ 34. Kc2 Na3+ 35. bxa3 Ra2+ 36. Kd3 Rxf2 37. Bxf2 Qd7 38. e6 Qb7 39. b4 Qb5+ 40. Ke3 Qc4 41. g7 Qc3+ 42. Ke2 Qc2+ 43. Kf1 Qb1+ 44. Kg2 Qe4+ 45. Nf3 Bxg7 46. Kf1 Qxf3 47. Rxg7 Qxf5 48. Rg3 h5 49. Kg2 h4 50. Re3 Qg4+ 51. Kh2 Qxd4 52. Kg2 Qg4+ 53. Kh2 d4 54. Re1 Qf4+ 55. Kg2 h3+ 56. Kg1 Qg4+ 57. Kf1 h2 0-1

[Event "FIDE World Blitz-ch Women 2018"]
[Site "St. Petersburg"]
[Date "2018.12.29"]
[Round "8.48"]
[White "Tomilova, Elena"]
[Black "Sirotkina, Nina"]
[Result "0-1"]
[WhiteElo "2338"]
[BlackElo "2188"]
[Annotator "NA"]
[PlyCount "76"]
[EventDate "2018.12.19"]
[EventType "swiss"]
[EventCountry "RUS"]
[SourceTitle "playchess.com"]
[Source "ChessBase"]
[SourceQuality "1"]

1. c4 e6 2. Nf3 d5 3. b3 Nf6 4. g3 Be7 5. Bb2 O-O 6. Bg2 c5 7. cxd5 Nxd5 8. O-O Bf6 9. Nc3 Nc6 10. Rc1 b6 11. e3 Ba6 12. Re1 Ndb4 13. Nh4 Rc8 14. d4 Nd3 15. Rc2 Nxe1 16. Qxe1 cxd4 17. Ne4 Bxh4 18. gxh4 Qxh4 19. exd4 Ne7 20. Rd2 Nd5 21. Ba3 Rfd8 22. Nd6 Rc6 23. Qe5 Qf6 24. Qxf6 gxf6 25. Ne4 f5 26. Ng5 Rc3 27. h4 Nf4 28. Bh1 h6 29. Nf3 Bb7 30. Bb2 Rd3 31. Rxd3 Nxd3 32. Bc3 Rc8 33. Bd2 Rc2 34. Bxh6 Nxf2 35. Bg2 Ng4 36. Bf4 Rxa2 37. h5 Ra1+ 38. Bf1 Bxf3 0-1

[Event "FIDE World Blitz-ch Women 2018"]
[Site "St. Petersburg"]
[Date "2018.12.29"]
[Round "8.49"]
[White "Fominykh, Maria"]
[Black "Bezgodova, Svetlana"]
[Result "0-1"]
[WhiteElo "2259"]
[BlackElo "2046"]
[Annotator "NA"]
[PlyCount "84"]
[EventDate "2018.12.19"]
[EventType "swiss"]
[EventCountry "RUS"]
[SourceTitle "playchess.com"]
[Source "ChessBase"]
[SourceQuality "1"]

1. Nf3 Nf6 2. b3 d6 3. d4 g6 4. Bb2 Bg7 5. g3 b6 6. Bg2 Bb7 7. O-O O-O 8. c4 Nbd7 9. d5 e5 10. Nbd2 a5 11. a3 Ne8 12. e4 f5 13. exf5 gxf5 14. Nh4 Nc5 15. Qc2 e4 16. Bxg7 Nxg7 17. b4 Nd3 18. f3 axb4 19. fxe4 Ne5 20. exf5 bxa3 21. Ne4 Nh5 22. Qe2 Nf6 23. Ng5 Qd7 24. Ne6 Rf7 25. Qe3 a2 26. Qb3 Qa4 27. Qxa4 Rxa4 28. Nd8 Ba6 29. Nxf7 Kxf7 30. Rf2 Bxc4 31. Bf1 Bxd5 32. Rd2 c6 33. Kf2 b5 34. h3 Ne4+ 35. Ke3 Nxd2 36. Kxd2 Kf6 37. g4 Nf3+ 38. Nxf3 Bxf3 39. Kc3 Bd5 40. Kb2 Rf4 41. Be2 Rf2 42. Re1 Bc4 0-1

[Event "FIDE World Blitz-ch Women 2018"]
[Site "St. Petersburg"]
[Date "2018.12.29"]
[Round "8.50"]
[White "Tomashevskaya, Lidia"]
[Black "Assaubayeva, Bibisara"]
[Result "0-1"]
[WhiteElo "2123"]
[BlackElo "2372"]
[Annotator "NA"]
[PlyCount "74"]
[EventDate "2018.12.19"]
[EventType "swiss"]
[EventCountry "RUS"]
[SourceTitle "playchess.com"]
[Source "ChessBase"]
[SourceQuality "1"]

1. e4 e5 2. Nf3 Nc6 3. Bb5 a6 4. Ba4 Nf6 5. O-O b5 6. Bb3 Bb7 7. d3 Be7 8. c3 O-O 9. Re1 d6 10. Nbd2 Na5 11. Bc2 c5 12. Nf1 Nc6 13. Ng3 Re8 14. Nf5 Bf8 15. Bg5 Bc8 16. h3 Bxf5 17. exf5 h6 18. Bh4 Be7 19. d4 e4 20. Bxf6 Bxf6 21. Bxe4 d5 22. Bc2 Rxe1+ 23. Qxe1 cxd4 24. cxd4 Nxd4 25. Nxd4 Bxd4 26. Rd1 Bxb2 27. Bb3 d4 28. Qe4 Rc8 29. Rd3 Qd6 30. Rg3 d3 31. Qxd3 Rc1+ 32. Kh2 Be5 33. Qe4 Rc3 34. Qa8+ Kh7 35. Bxf7 Bxg3+ 36. fxg3 Qxg3+ 37. Kg1 Rc1# 0-1

[Event "FIDE World Blitz-ch Women 2018"]
[Site "St. Petersburg"]
[Date "2018.12.29"]
[Round "8.51"]
[White "Shaydullina, Sandugach"]
[Black "Injac, Teodora"]
[Result "0-1"]
[WhiteElo "2033"]
[BlackElo "2325"]
[Annotator "NA"]
[PlyCount "66"]
[EventDate "2018.12.19"]
[EventType "swiss"]
[EventCountry "RUS"]
[SourceTitle "playchess.com"]
[Source "ChessBase"]
[SourceQuality "1"]

1. Nf3 Nf6 2. c4 g6 3. d4 Bg7 4. g3 O-O 5. Bg2 d6 6. O-O Nbd7 7. Nc3 e5 8. h3 Re8 9. e4 exd4 10. Nxd4 Nc5 11. Re1 Bd7 12. Bf4 h6 13. Qd2 g5 14. b4 gxf4 15. bxc5 dxc5 16. Nb3 fxg3 17. f4 Be6 18. Qxd8 Raxd8 19. e5 Nh5 20. Rf1 Bxc4 21. Nxc5 Bxf1 22. Rxf1 b6 23. N5e4 Rd3 24. Nb5 Red8 25. Nxc7 Rd1 26. Nd6 Rxf1+ 27. Bxf1 Nxf4 28. Bc4 Bxe5 29. Bxf7+ Kg7 30. Nce8+ Kf8 31. Bb3 Bxd6 32. Nf6 Bc5+ 33. Kf1 g2+ 0-1

[Event "FIDE World Blitz-ch Women 2018"]
[Site "St. Petersburg"]
[Date "2018.12.29"]
[Round "8.52"]
[White "Utiatskaja Irina (RUS)"]
[Black "Romanovskaya, Anna"]
[Result "0-1"]
[WhiteElo "1918"]
[BlackElo "2210"]
[Annotator "NA"]
[PlyCount "108"]
[EventDate "2018.12.19"]
[EventType "swiss"]
[EventCountry "RUS"]
[SourceTitle "playchess.com"]
[Source "ChessBase"]
[SourceQuality "1"]

1. e4 g6 2. d4 Bg7 3. c4 d6 4. Be2 e5 5. Nf3 Nd7 6. O-O Ne7 7. Bg5 h6 8. Be3 O-O 9. Qd2 Kh7 10. dxe5 Nxe5 11. Nxe5 dxe5 12. Rd1 Be6 13. Nc3 c6 14. c5 Qxd2 15. Rxd2 Rad8 16. Rad1 Rxd2 17. Rxd2 f5 18. f3 Kg8 19. b4 Kf7 20. a4 a6 21. b5 axb5 22. axb5 Ra8 23. g3 Ra3 24. Nd1 Bf8 25. b6 Ng8 26. Kf2 Nf6 27. Bd3 fxe4 28. Bxe4 Nd5 29. Bxd5 Bxd5 30. Nb2 Rc3 31. Nd3 Ke6 32. Ke2 Bc4 33. h4 h5 34. Rd1 Kd5 35. Rd2 Bxd3+ 36. Rxd3+ Rxd3 37. Kxd3 Bxc5 38. Bg5 Bxb6 39. g4 Bf2 40. gxh5 gxh5 41. Ke2 Bd4 42. f4 exf4 43. Bxf4 Ke4 44. Bg5 b5 45. Kd2 b4 46. Kc2 c5 47. Kb3 Kd3 48. Be7 Bf2 49. Bf6 Be1 50. Be7 c4+ 51. Kb2 b3 52. Bf6 Bf2 53. Ka3 Bc5+ 54. Kb2 Bd4+ 0-1

[Event "FIDE World Blitz-ch Women 2018"]
[Site "St. Petersburg"]
[Date "2018.12.29"]
[Round "8.53"]
[White "Sudakova, Irina"]
[Black "Dumcheva, Julia"]
[Result "1-0"]
[WhiteElo "2313"]
[BlackElo "2168"]
[Annotator "NA"]
[PlyCount "29"]
[EventDate "2018.12.19"]
[EventType "swiss"]
[EventCountry "RUS"]
[SourceTitle "playchess.com"]
[Source "ChessBase"]
[SourceQuality "1"]

1. e4 e6 2. d4 d5 3. Bd3 dxe4 4. Bxe4 Nf6 5. Bf3 c5 6. Ne2 cxd4 7. Qxd4 Qxd4 8. Nxd4 a6 9. c4 Bb4+ 10. Bd2 Bxd2+ 11. Nxd2 e5 12. N4b3 Nc6 13. O-O-O Nb4 14. Nc5 Rb8 15. a3 1-0

[Event "FIDE World Blitz-ch Women 2018"]
[Site "St. Petersburg"]
[Date "2018.12.29"]
[Round "8.54"]
[White "Doan, Thi Van Anh"]
[Black "Shvayger, Yuliya"]
[Result "0-1"]
[WhiteElo "1950"]
[BlackElo "2393"]
[Annotator "NA"]
[PlyCount "23"]
[EventDate "2018.12.19"]
[EventType "swiss"]
[EventCountry "RUS"]
[SourceTitle "playchess.com"]
[Source "ChessBase"]
[SourceQuality "1"]

1. d4 Nf6 2. Bf4 g6 3. h3 Bg7 4. e3 O-O 5. Nf3 d6 6. Bh2 c5 7. c3 Nc6 8. Be2 Qb6 9. a3 Ne4 10. Nbd2 Nxd2 11. Nxd2 f5 12. O-O 0-1

[Event "FIDE World Blitz-ch Women 2018"]
[Site "St. Petersburg"]
[Date "2018.12.29"]
[Round "8.55"]
[White "Diakonova, Ekaterina"]
[Black "Sviridova, Vlada"]
[Result "1-0"]
[WhiteElo "2225"]
[BlackElo "2144"]
[Annotator "NA"]
[PlyCount "187"]
[EventDate "2018.12.19"]
[EventType "swiss"]
[EventCountry "RUS"]
[SourceTitle "playchess.com"]
[Source "ChessBase"]
[SourceQuality "1"]

1. e4 e6 2. d4 d5 3. Nc3 Nf6 4. e5 Nfd7 5. Nce2 c5 6. c3 Nc6 7. Nf3 Be7 8. Nf4 Qb6 9. Be2 cxd4 10. cxd4 Bb4+ 11. Kf1 O-O 12. g3 a5 13. Kg2 a4 14. h4 a3 15. Rb1 Qd8 16. Bd2 Bxd2 17. Qxd2 Qe7 18. Qe3 axb2 19. Rxb2 Ra3 20. Qd2 f6 21. exf6 Nxf6 22. Bd3 e5 23. dxe5 Nxe5 24. Nxe5 Qxe5 25. Re1 Qd6 26. Rb4 Kh8 27. Rd4 Bg4 28. Bb1 Bf3+ 29. Kg1 Qb6 30. Qb4 Qxb4 31. Rxb4 d4 32. Rxd4 g6 33. Rc4 Bc6 34. Rd4 b5 35. Rd6 Bf3 36. Rb6 Rc3 37. Rxb5 Rfc8 38. Rbe5 Rc1 39. Kf1 Ng4 40. Re7 Rxe1+ 41. Rxe1 Kg7 42. Be4 Bxe4 43. Rxe4 Rc1+ 44. Kg2 Rc2 45. Re2 Rc4 46. a3 Ra4 47. Ra2 Ne5 48. Ne2 Nc4 49. Nc3 Ra5 50. a4 Kf6 51. Re2 Ne5 52. Re4 Kf5 53. f3 Rc5 54. g4+ Kf6 55. Ne2 Rc2 56. Kf2 Ra2 57. Ke3 Ra3+ 58. Kf2 Rxf3+ 59. Kg2 Ra3 60. Ng3 Ra2+ 61. Kh3 Ke6 62. g5 Kd5 63. Rf4 Ke6 64. Ne4 Ra3+ 65. Kg2 Nd3 66. Rf1 Ke5 67. Nf6 Ra2+ 68. Kf3 Nc5 69. Re1+ Kf5 70. Rc1 Ra3+ 71. Ke2 Nb3 72. Rc4 Ra2+ 73. Kd3 Na1 74. Nxh7 Ra3+ 75. Ke2 Nb3 76. Nf8 Ra2+ 77. Kd3 Ra1 78. Kc3 Nc1 79. Kb2 Ra2+ 80. Kxc1 Ra3 81. Kb2 Re3 82. a5 Re8 83. Rc5+ Kg4 84. Nxg6 Re6 85. Ne5+ Kxh4 86. g6 Kg5 87. g7 Re8 88. a6 Kf6 89. a7 Kxg7 90. Rc7+ Kf6 91. Nc6 Ke6 92. Nb8 Kd6 93. Rc1 Re2+ 94. Rc2 1-0

[Event "FIDE World Blitz-ch Women 2018"]
[Site "St. Petersburg"]
[Date "2018.12.29"]
[Round "8.56"]
[White "Kirchei, Viktoriia"]
[Black "Bogumil, Tatiana"]
[Result "1-0"]
[WhiteElo "1972"]
[BlackElo "2114"]
[Annotator "NA"]
[PlyCount "73"]
[EventDate "2018.12.19"]
[EventType "swiss"]
[EventCountry "RUS"]
[SourceTitle "playchess.com"]
[Source "ChessBase"]
[SourceQuality "1"]

1. e4 g6 2. d4 Bg7 3. Nc3 c6 4. Bc4 d6 5. Nf3 e6 6. O-O Ne7 7. Bf4 d5 8. exd5 cxd5 9. Be2 a6 10. Qd2 h6 11. Ne5 Nbc6 12. Nxc6 bxc6 13. Na4 Nf5 14. c3 g5 15. Be3 O-O 16. Bd3 e5 17. dxe5 Bxe5 18. Rfe1 Nxe3 19. Qxe3 Bf4 20. Qd4 f6 21. Bc2 Qc7 22. h3 Be5 23. Qd3 Qg7 24. Nb6 Ra7 25. Nxc8 Rxc8 26. Qf5 Rb8 27. Qe6+ Qf7 28. Qxc6 Rc7 29. Qxa6 Rxb2 30. Qa8+ Kg7 31. Bb3 Bxc3 32. Bxd5 Qf8 33. Re8 Qd6 34. Rg8+ Kh7 35. Rh8+ Kg6 36. Qe8+ Kf5 37. Qe4# 1-0

[Event "FIDE World Blitz-ch Women 2018"]
[Site "St. Petersburg"]
[Date "2018.12.29"]
[Round "8.57"]
[White "Smirnova, Ekaterina"]
[Black "Iljushina, Olga"]
[Result "0-1"]
[WhiteElo "2192"]
[BlackElo "2259"]
[Annotator "NA"]
[PlyCount "64"]
[EventDate "2018.12.19"]
[EventType "swiss"]
[EventCountry "RUS"]
[SourceTitle "playchess.com"]
[Source "ChessBase"]
[SourceQuality "1"]

1. d4 Nf6 2. c4 e6 3. Nc3 Bb4 4. a3 Bxc3+ 5. bxc3 c5 6. e3 O-O 7. Bd3 b6 8. Ne2 Nc6 9. e4 e5 10. d5 Na5 11. O-O d6 12. f4 Nd7 13. f5 Ba6 14. f6 Nxf6 15. Bg5 Bxc4 16. Bxf6 gxf6 17. Ng3 Kh8 18. Nh5 Rg8 19. Bxc4 Nxc4 20. Rf3 f5 21. exf5 e4 22. Rh3 Qg5 23. Ra2 Qxf5 24. Ng3 Qg6 25. Qe2 Ne5 26. Qxe4 Rae8 27. Qh4 Ng4 28. Ra1 Qc2 29. Rf1 Re3 30. Qh5 Re7 31. Nf5 Nf6 32. Qh6 Qxg2# 0-1

[Event "FIDE World Blitz-ch Women 2018"]
[Site "St. Petersburg"]
[Date "2018.12.29"]
[Round "8.58"]
[White "Tevzadze, Mariam"]
[Black "Maroroa, Sue"]
[Result "0-1"]
[WhiteElo "1967"]
[BlackElo "2120"]
[Annotator "NA"]
[PlyCount "143"]
[EventDate "2018.12.19"]
[EventType "swiss"]
[EventCountry "RUS"]
[SourceTitle "playchess.com"]
[Source "ChessBase"]
[SourceQuality "1"]

1. d4 Nf6 2. Nf3 g6 3. c3 Bg7 4. Bf4 d6 5. h3 O-O 6. e3 c5 7. Bh2 Qb6 8. Qb3 Bf5 9. Nbd2 cxd4 10. exd4 Qc7 11. Be2 Nc6 12. O-O Rfe8 13. Rfe1 Rac8 14. Bf1 h5 15. a3 Qd7 16. Ng5 e5 17. dxe5 dxe5 18. Nde4 Nxe4 19. Nxe4 Be6 20. Qb5 a6 21. Qb6 Qc7 22. Qxc7 Rxc7 23. Rad1 f5 24. Nc5 Bf7 25. Rd2 Na5 26. Na4 b5 27. Nb6 Nb3 28. Rdd1 Nc5 29. Nd5 Rd7 30. Nb4 Red8 31. Rxd7 Rxd7 32. Bxe5 a5 33. Bxg7 axb4 34. axb4 Nd3 35. Bxd3 Rxd3 36. Bd4 Rd2 37. Re5 Bc4 38. b3 Bd3 39. Re8+ Kf7 40. Rb8 Rb2 41. Rb7+ Ke6 42. Rb6+ Kf7 43. Rf6+ Ke7 44. Rxg6 Rxb3 45. Rg5 f4 46. Rxh5 f3 47. gxf3 Rb1+ 48. Kg2 Bf1+ 49. Kg3 Bd3 50. Re5+ Kd6 51. h4 Rg1+ 52. Kf4 Rh1 53. Rh5 Rh3 54. Kg4 Rh1 55. Rh6+ Kd5 56. h5 Be2 57. Rf6 Rg1+ 58. Kf4 Bd3 59. h6 Rh1 60. Ke3 Bc4 61. Rb6 Re1+ 62. Kf4 Rh1 63. Be3 Rh4+ 64. Kg5 Rh3 65. f4 Ke4 66. f5 Rh1 67. Bf4 Rg1+ 68. Bg3 Rh1 69. f6 Kd3 70. Rd6+ Kxc3 71. Rd7 Be2 72. f7 0-1

[Event "FIDE World Blitz-ch Women 2018"]
[Site "St. Petersburg"]
[Date "2018.12.29"]
[Round "8.59"]
[White "Makarenko, Alexandra"]
[Black "Komiagina, Maria"]
[Result "0-1"]
[WhiteElo "2228"]
[BlackElo "2234"]
[Annotator "NA"]
[PlyCount "113"]
[EventDate "2018.12.19"]
[EventType "swiss"]
[EventCountry "RUS"]
[SourceTitle "playchess.com"]
[Source "ChessBase"]
[SourceQuality "1"]

1. e4 c5 2. Nf3 Nc6 3. d4 cxd4 4. Nxd4 Nf6 5. Nc3 d6 6. Bg5 e6 7. Qd2 a6 8. O-O-O h6 9. Bh4 Nxe4 10. Nxe4 Qxh4 11. Nxd6+ Bxd6 12. Nf3 Qf4 13. Kb1 Qxd2 14. Nxd2 Be7 15. Nc4 O-O 16. g3 Rd8 17. Bg2 Rb8 18. Nb6 Kf8 19. f4 Ke8 20. c3 Bc5 21. Na4 Ba7 22. Rxd8+ Nxd8 23. Rd1 Bd7 24. b3 Bxa4 25. bxa4 Rc8 26. Kb2 Nc6 27. Be4 Ke7 28. f5 e5 29. Rd5 f6 30. Rd2 Rd8 31. Re2 Na5 32. Kc2 Bc5 33. g4 Rc8 34. Kb2 Rb8 35. h4 b5 36. axb5 Rxb5+ 37. Kc2 Nc4 38. Kd3 Nd6 39. Bc6 Rb6 40. Bg2 Ba3 41. g5 hxg5 42. hxg5 Rb2 43. gxf6+ gxf6 44. Re1 Rxg2 45. Rb1 Rb2 46. Rh1 Nxf5 47. Rh7+ Ke6 48. c4 Nd4 49. Ra7 Rb6 50. Ra8 Rc6 51. Re8+ Kf7 52. Rd8 f5 53. Rd5 Ke6 54. Ra5 Bc5 55. a4 e4+ 56. Kd2 Nb3+ 57. Kc3 0-1

[Event "FIDE World Blitz-ch Women 2018"]
[Site "St. Petersburg"]
[Date "2018.12.29"]
[Round "8.60"]
[White "Gvanceladze, Anna"]
[Black "Stetsko, Lanita"]
[Result "1-0"]
[WhiteElo "2264"]
[BlackElo "2194"]
[Annotator "NA"]
[PlyCount "133"]
[EventDate "2018.12.19"]
[EventType "swiss"]
[EventCountry "RUS"]
[SourceTitle "playchess.com"]
[Source "ChessBase"]
[SourceQuality "1"]

1. e4 e5 2. Nf3 Nc6 3. Bb5 a6 4. Bxc6 dxc6 5. O-O f6 6. d4 Bg4 7. c3 Qe7 8. Nbd2 O-O-O 9. Qc2 Qe6 10. a4 Bd6 11. b4 f5 12. Re1 exd4 13. Nxd4 Qg6 14. exf5 Qh5 15. Nf1 Nf6 16. Qd3 g6 17. Ng3 Bxg3 18. Qxg3 Bxf5 19. Bg5 Rhf8 20. Bxf6 Rxf6 21. Re7 Rd7 22. Re8+ Rd8 23. Qe5 Rf8 24. Re7 Rd7 25. Re1 Rxe7 26. Qxe7 Rd8 27. b5 axb5 28. axb5 c5 29. Qxc5 Qg4 30. h3 Qf4 31. Qa7 Qd6 32. Qa8+ Kd7 33. Qxb7 Re8 34. Qc6+ Qxc6 35. bxc6+ Kd8 36. Rxe8+ Kxe8 37. Kf1 Ke7 38. Ke2 Be4 39. f3 Bd5 40. Kd3 Kd6 41. c4 Bf7 42. h4 h6 43. g3 g5 44. f4 gxh4 45. gxh4 Bg6+ 46. Kc3 Bh5 47. Kb4 Bg4 48. Kb5 Bh3 49. Nc2 Bf1 50. Ne3 Be2 51. Nf5+ Ke6 52. Nxh6 Kf6 53. Kc5 Kg6 54. Ng8 Kf7 55. Nh6+ Kg6 56. Kd5 Kxh6 57. c5 Kg6 58. Ke6 Bg4+ 59. Ke7 Kh5 60. Kd8 Kxh4 61. Kxc7 Bf5 62. Kb7 Be4 63. Kb6 Kg4 64. c7 Bf5 65. Kb7 Kxf4 66. c8=Q Bxc8+ 67. Kxc8 1-0